<?xml version="1.0" encoding="UTF-8"?>
<record
    xmlns:xsi="http://www.w3.org/2001/XMLSchema-instance"
    xsi:schemaLocation="http://www.loc.gov/MARC21/slim http://www.loc.gov/standards/marcxml/schema/MARC21slim.xsd"
    xmlns="http://www.loc.gov/MARC21/slim">

  <leader>01757nam2a2200265   4500</leader>
  <controlfield tag="001">RU\NLR\BIBL_A\010449267</controlfield>
  <controlfield tag="005">20250614053753.0</controlfield>
  <datafield tag="010" ind1=" " ind2=" ">
    <subfield code="a">978-5-9506-1038-7</subfield>
    <subfield code="9">150</subfield>
  </datafield>
  <datafield tag="021" ind1=" " ind2=" ">
    <subfield code="a">RU</subfield>
    <subfield code="b">2014-42319</subfield>
    <subfield code="9">2577</subfield>
  </datafield>
  <datafield tag="035" ind1=" " ind2=" ">
    <subfield code="a">(NLR Aleph) 010449267</subfield>
  </datafield>
  <datafield tag="090" ind1=" " ind2=" ">
    <subfield code="a">9920526</subfield>
    <subfield code="c">9920526</subfield>
  </datafield>
  <datafield tag="100" ind1=" " ind2=" ">
    <subfield code="a">20140807d2013    |||y0rusy50      ca</subfield>
  </datafield>
  <datafield tag="101" ind1="0" ind2=" ">
    <subfield code="a">rus</subfield>
  </datafield>
  <datafield tag="102" ind1=" " ind2=" ">
    <subfield code="a">RU</subfield>
  </datafield>
  <datafield tag="105" ind1=" " ind2=" ">
    <subfield code="a">a|||z|||100yy</subfield>
  </datafield>
  <datafield tag="200" ind1="1" ind2=" ">
    <subfield code="a">&#x414;&#x43E;&#x43A;&#x43B;&#x430;&#x434;&#x44B; &#x43A; &#x441;&#x430;&#x43C;&#x430;&#x440;&#x441;&#x43A;&#x438;&#x43C; &#x437;&#x430;&#x441;&#x435;&#x434;&#x430;&#x43D;&#x438;&#x44F;&#x43C; &#x43A;&#x43E;&#x43D;&#x444;&#x435;&#x440;&#x435;&#x43D;&#x446;&#x438;&#x438;</subfield>
    <subfield code="f">[&#x440;&#x435;&#x434;.-&#x441;&#x43E;&#x441;&#x442;.: &#x413;.&#x420;. &#x425;&#x430;&#x441;&#x430;&#x435;&#x432; &#x438; &#x41B;.&#x41B;. &#x420;&#x44B;&#x431;&#x430;&#x43A;&#x43E;&#x432;&#x441;&#x43A;&#x438;&#x439;]</subfield>
  </datafield>
  <datafield tag="210" ind1=" " ind2=" ">
    <subfield code="d">2013</subfield>
    <subfield code="a">&#x411;. &#x43C;.</subfield>
  </datafield>
  <datafield tag="215" ind1=" " ind2=" ">
    <subfield code="a">129 &#x441;.</subfield>
    <subfield code="c">&#x438;&#x43B;.</subfield>
  </datafield>
  <datafield tag="320" ind1=" " ind2=" ">
    <subfield code="a">&#x411;&#x438;&#x431;&#x43B;&#x438;&#x43E;&#x433;&#x440;. &#x432; &#x43A;&#x43E;&#x43D;&#x446;&#x435; &#x441;&#x442;. &#x438; &#x432; &#x43F;&#x43E;&#x434;&#x441;&#x442;&#x440;&#x43E;&#x447;. &#x43F;&#x440;&#x438;&#x43C;&#x435;&#x447;.</subfield>
  </datafield>
  <datafield tag="461" ind1=" " ind2="0">
    <subfield code="1">001RU\NLR\BIBL_A\010466818</subfield>
    <subfield code="1">2000#$a&#x421;&#x442;&#x440;&#x430;&#x442;&#x435;&#x433;&#x438;&#x44F; &#x434;&#x435;&#x43C;&#x43E;&#x433;&#x440;&#x430;&#x444;&#x438;&#x447;&#x435;&#x441;&#x43A;&#x43E;&#x433;&#x43E; &#x440;&#x430;&#x437;&#x432;&#x438;&#x442;&#x438;&#x44F; &#x420;&#x43E;&#x441;&#x441;&#x438;&#x438;: &#x440;&#x43E;&#x436;&#x434;&#x430;&#x435;&#x43C;&#x43E;&#x441;&#x442;&#x44C; &#x438; &#x441;&#x435;&#x43C;&#x435;&#x439;&#x43D;&#x430;&#x44F; &#x43F;&#x43E;&#x43B;&#x438;&#x442;&#x438;&#x43A;&#x430;$e&#x43C;&#x430;&#x442;&#x435;&#x440;&#x438;&#x430;&#x43B;&#x44B; &#x412;&#x441;&#x435;&#x440;&#x43E;&#x441;&#x441;&#x438;&#x439;&#x441;&#x43A;&#x43E;&#x439; &#x43D;&#x430;&#x443;&#x447;&#x43D;&#x43E;-&#x43F;&#x440;&#x430;&#x43A;&#x442;&#x438;&#x447;&#x435;&#x441;&#x43A;&#x43E;&#x439; &#x43A;&#x43E;&#x43D;&#x444;&#x435;&#x440;&#x435;&#x43D;&#x446;&#x438;&#x438;, 19-20 &#x438;&#x44E;&#x43D;&#x44F; 2013 &#x433;&#x43E;&#x434;&#x430;$f[&#x440;&#x435;&#x434;.-&#x441;&#x43E;&#x441;&#x442;.: &#x41B;.&#x41B;. &#x420;&#x44B;&#x431;&#x430;&#x43A;&#x43E;&#x432;&#x441;&#x43A;&#x438;&#x439;]$v&#x412;&#x44B;&#x43F;. 2</subfield>
    <subfield code="9">10005265</subfield>
    <subfield code="c">&#x41C;&#x43E;&#x441;&#x43A;&#x432;&#x430;</subfield>
    <subfield code="d">2013</subfield>
    <subfield code="f">[&#x440;&#x435;&#x434;.-&#x441;&#x43E;&#x441;&#x442;.: &#x41B;.&#x41B;. &#x420;&#x44B;&#x431;&#x430;&#x43A;&#x43E;&#x432;&#x441;&#x43A;&#x438;&#x439;]</subfield>
    <subfield code="n">&#x42D;&#x43A;&#x43E;&#x43D;-&#x438;&#x43D;&#x444;&#x43E;&#x440;&#x43C;</subfield>
    <subfield code="o">&#x43C;&#x430;&#x442;&#x435;&#x440;&#x438;&#x430;&#x43B;&#x44B; &#x412;&#x441;&#x435;&#x440;&#x43E;&#x441;&#x441;&#x438;&#x439;&#x441;&#x43A;&#x43E;&#x439; &#x43D;&#x430;&#x443;&#x447;&#x43D;&#x43E;-&#x43F;&#x440;&#x430;&#x43A;&#x442;&#x438;&#x447;&#x435;&#x441;&#x43A;&#x43E;&#x439; &#x43A;&#x43E;&#x43D;&#x444;&#x435;&#x440;&#x435;&#x43D;&#x446;&#x438;&#x438;, 19-20 &#x438;&#x44E;&#x43D;&#x44F; 2013 &#x433;&#x43E;&#x434;&#x430;</subfield>
    <subfield code="t">&#x421;&#x442;&#x440;&#x430;&#x442;&#x435;&#x433;&#x438;&#x44F; &#x434;&#x435;&#x43C;&#x43E;&#x433;&#x440;&#x430;&#x444;&#x438;&#x447;&#x435;&#x441;&#x43A;&#x43E;&#x433;&#x43E; &#x440;&#x430;&#x437;&#x432;&#x438;&#x442;&#x438;&#x44F; &#x420;&#x43E;&#x441;&#x441;&#x438;&#x438;: &#x440;&#x43E;&#x436;&#x434;&#x430;&#x435;&#x43C;&#x43E;&#x441;&#x442;&#x44C; &#x438; &#x441;&#x435;&#x43C;&#x435;&#x439;&#x43D;&#x430;&#x44F; &#x43F;&#x43E;&#x43B;&#x438;&#x442;&#x438;&#x43A;&#x430;</subfield>
    <subfield code="v">&#x412;&#x44B;&#x43F;. 2</subfield>
  </datafield>
  <datafield tag="702" ind1=" " ind2="1">
    <subfield code="4">220</subfield>
    <subfield code="7">ca</subfield>
    <subfield code="8">rus</subfield>
    <subfield code="a">&#x425;&#x430;&#x441;&#x430;&#x435;&#x432;</subfield>
    <subfield code="b">&#x413;. &#x420;.</subfield>
    <subfield code="f">1951-</subfield>
    <subfield code="g">&#x413;&#x430;&#x431;&#x438;&#x431;&#x443;&#x43B;&#x43B;&#x430; &#x420;&#x430;&#x431;&#x430;&#x434;&#x430;&#x43D;&#x43E;&#x432;&#x438;&#x447;</subfield>
    <subfield code="9">159980</subfield>
    <subfield code="3">RU\NLR\AUTH\770160021</subfield>
  </datafield>
  <datafield tag="942" ind1=" " ind2=" ">
    <subfield code="c">BOOK</subfield>
  </datafield>
  <datafield tag="980" ind1=" " ind2=" ">
    <subfield code="a">NB</subfield>
  </datafield>
  <datafield tag="995" ind1=" " ind2=" ">
    <subfield code="5">2014-08-07</subfield>
    <subfield code="a">ad</subfield>
    <subfield code="b">NLR01</subfield>
    <subfield code="c">NLR01</subfield>
    <subfield code="e">RF8</subfield>
    <subfield code="f">1-594570</subfield>
    <subfield code="k">2014-3/22765</subfield>
    <subfield code="o">0</subfield>
    <subfield code="r">BOOK</subfield>
    <subfield code="s">2014322765_</subfield>
  </datafield>
  <datafield tag="995" ind1=" " ind2=" ">
    <subfield code="5">2014-08-07</subfield>
    <subfield code="a">ad</subfield>
    <subfield code="b">NLR01</subfield>
    <subfield code="c">NLR01</subfield>
    <subfield code="e">RF8</subfield>
    <subfield code="f">1-594571</subfield>
    <subfield code="k">2014-3/22765</subfield>
    <subfield code="o">0</subfield>
    <subfield code="r">BOOK</subfield>
    <subfield code="s">2014322765_</subfield>
  </datafield>
</record>
